| 000 | 00394nam a22001577a 4500 | ||
|---|---|---|---|
| 003 | OSt | ||
| 008 | 250113b |||||||| |||| 00| 0 eng d | ||
| 041 | _aeng | ||
| 082 |
_a621.9 _bHAJ/EL |
||
| 100 |
_aHajra Choudhary, SK _96925 |
||
| 245 | _aElements of Workshop Technoogy | ||
| 250 | _a9th | ||
| 260 |
_aBombay: _bMedia Promoters, _c1985. |
||
| 700 |
_aHajar Choudhari, AK _96926 |
||
| 942 | _cBK | ||
| 999 |
_c19017 _d19017 |
||